000 00688nam a2200217Ia 4500
001 9254
003 GE_BSU
008 181216s||||||||xx |||||||||||||| ||und||
040 _cGE_BSU
080 _a531
100 _aЛандау,Л.Д. Лифшиц,Е.М.
245 _aТеория упругости=Теоретическая физика.Том Vll.
245 _cРед. И.Г.Вирко.
250 _aИзд. третье, испр. и дополненное.
260 _aМ.
260 _bНаука.
260 _c1965.
300 _a204 стр. с илл. 20см.
653 _aТеория упругости=Теоретическая физика.
942 _cBK
999 _c42555
_d42555